|
|
|
|
| LEADER |
00000cam a2200000 a 4500 |
| 001 |
vtls001102953 |
| 003 |
SK-MaSNL |
| 005 |
20260425221833.0 |
| 008 |
250313s1981 xo a dn 000 0 eng |
| 015 |
|
|
|a SNBA1981/09
|
| 035 |
|
|
|a SNK000045795
|
| 035 |
|
|
|a urn:nbn:sk:snk-aml9n0
|
| 035 |
|
|
|a urn:nbn:sk:snk-am008rdz
|
| 035 |
|
|
|a 06E71C7C-DA57-479E-B3C2-0BBDFB079A86
|
| 040 |
|
|
|a SNK
|b slo
|c SNK
|e AACR2
|
| 041 |
0 |
|
|a eng
|a slo
|
| 044 |
|
|
|a xo
|c SK
|
| 080 |
|
|
|a 802.0-316.4:621(075.8)=20
|2 1981
|
| 080 |
|
|
|a 621(075.8)=20
|2 1981
|
| 100 |
1 |
|
|a Papež, Oldřich
|4 aut
|9 279406
|
| 245 |
1 |
0 |
|a Textová cvičebnica angličtiny
|b pre poslucháčov strojníckeho smeru
|c Oldřich Papež, J. M. A. Puci, Ľ. Zorkócyová
|
| 250 |
|
|
|a 2. vyd.
|
| 260 |
|
|
|a Bratislava
|b Alfa
|c 1981
|
| 300 |
|
|
|a 144 s., 8,20 AH
|b sch.
|c 29 cm
|
| 366 |
|
|
|e 2000 výt.
|
| 490 |
1 |
|
|a Dočasná vysokoškolská učebnica
|
| 500 |
|
|
|a Vyd. pre VŠD a spojov v Žiline. Angl.-slov. slovník
|
| 504 |
|
|
|a Bibliogr. Zozn. skr. a vyobrazení
|
| 650 |
0 |
7 |
|a angličtina
|2 SNKPH
|9 1260
|
| 655 |
|
7 |
|a učebnice vysokých škôl
|2 SNKPH
|9 70191
|
| 700 |
1 |
|
|a Puci, J. M. A.
|4 aut
|9 279407
|
| 700 |
1 |
|
|a Zorkócyová, Ľ.
|4 aut
|9 279408
|
| 830 |
|
0 |
|a Dočasná vysokoškolská učebnica
|9 279156
|
| 852 |
|
|
|a Slovenská národná knižnica
|
| 958 |
|
|
|a NB
|
| 958 |
|
|
|a TL
|
| 958 |
|
|
|a UV
|
| 958 |
|
|
|a OND
|
| 999 |
|
|
|c 534603
|d 536533
|
| 952 |
|
|
|t P60, <04>, [BOOK], {604}
|a SNK
|b SNK
|y VYP
|7 0
|p 17A0151438
|o snkSB 32395 D1
|i snkKSP 7830/81
|0 0
|1 0
|4 0
|d 1998-07-29
|l 0
|r 2004-12-31 00:00:00
|w 2026-02-23
|
| 952 |
|
|
|a SNK
|b SNK
|y PREZ
|7 0
|p 17A0992043
|o snkSB 32395
|i snkKSP 7829/81
|0 0
|1 0
|4 0
|d 2012-07-19
|f 1
|l 0
|r 2025-04-07 00:00:00
|w 2026-02-23
|